• 首页
  • 本馆介绍
  • 公告通知
  • 最新文献
  • 馆藏检索
  • 电子资源
  • 读者导购
  • 参考咨询
  • 我的图书馆
  • 登录
  • 详细信息显示
  • 放入我的书架
  • 预约/预借图书
  • 作者相关作品
  • 分类相关作品
  • 丛书相关作品
  • 出版社相关作品

书目信息

  • 表格格式
  • 工作单格式
  • 卡片格式
题名:
光电成像导论
    
 
作者: 林祖伦 , 王小菊 编著
分册:  
出版信息: 北京   国防工业出版社  2016
页数: 172页
开本: 26cm
丛书名:
单 册:
中图分类: O435.2 , O482.7
科图分类:
主题词: 光电效应--教材--成象原理--高等学校 , 光电效应--教材--高等学校--成象原理
电子资源:
ISBN: 978-7-118-10242-0
000 01241nam0 2200301 450
001 3296
001 01XX12675327@CSLN
005 20160926083535.20
010    @a978-7-118-10242-0@b平装@dCNY36.00
100    @a20160218d2016 em y0chiy50 ea
101 0  @achi
102    @aCN@b110000
105    @aa z 000yy
200 1  @a光电成像导论@9guang dian cheng xiang dao lun@f林祖伦,王小菊编著
210    @a北京@c国防工业出版社@d2016
215    @a172页@c图@d26cm
300    @a光电科学与工程专业规划教材
312    @a封面英文题名:Introduction to optoelectronic imaging
330    @a本书较全面和系统地介绍了光电成像的基本理论、原理和应用。主要内容包括光电成像器件的物理基础,真空摄像器件,固体摄像器件,微光夜视器件及仪器,光电微光成像,红外图像成像,微光电视,激光成像系统:遥感光电成像系统,医学成像系统,成像器件和系统的基本设计方法及应用等。
510 1  @aIntroduction to optoelectronic imaging@zeng
606 0  @a光电效应@j教材@x成象原理@x高等学校
606    @a光电效应@j教材@x高等学校@x成象原理
690    @aO435.2@v5
690    @aO482.7@v5
701  0 @a林祖伦@9lin zu lun@c(女,@f(1950~)@4编著
701  0 @a王小菊@9wang xiao ju@c(女,@f1981~)@4编著
801  0 @aCN@b唐山师范学院图书馆@c20151001
905    @aZUCC@dO435.2@e43
    
    光电成像导论/林祖伦,王小菊编著.-北京:国防工业出版社,2016
    172页:图;26cm
    光电科学与工程专业规划教材
    
    ISBN 978-7-118-10242-0(平装):CNY36.00
    本书较全面和系统地介绍了光电成像的基本理论、原理和应用。主要内容包括光电成像器件的物理基础,真空摄像器件,固体摄像器件,微光夜视器件及仪器,光电微光成像,红外图像成像,微光电视,激光成像系统:遥感光电成像系统,医学成像系统,成像器件和系统的基本设计方法及应用等。
●
相关链接 在E读中查询图书 在五车中查询图书 在当当中查询图书 在豆瓣中查询图书


正题名:光电成像导论     索取号:O435.2/43         预约/预借

序号 登录号 条形码 馆藏地/架位号 状态 备注
1 904618   209046183   第二样本阅览室/ [索取号:O435.2/43] 在馆    
2 904619   209046192   第三借阅区/ [索取号:O435.2/43] 在馆    
3 904620   209046209   第三借阅区/ [索取号:O435.2/43] 在馆    
4 904621   209046218   第三借阅区/ [索取号:O435.2/43] 在馆    
5 904622   209046227   第三借阅区/ [索取号:O435.2/43] 在馆    
唐山师范学院图书馆 欢迎您!
大连网信软件有限公司© 版权所有